Les langues régionales françaises - Images - Statistiques

Statistiques générales
  • Ce quiz a été pris 255 fois
  • Le résultat moyen est 7 sur 13
Statistiques - réponses
Par images Réponse % Correct
Breton
99%
Corse
95%
Basque
86%
Occitan
84%
Catalan
76%
Alsacien
66%
Créole
62%
Flamand
39%
Picard
34%
Provençal
34%
Tahitien
33%
Kanak
31%
Francique lorrain
5%
Aucun quiz correspondant
Distribution des résultats
% des personnes avec chaque résultat
Percentile par nombre de réponses
Votre historique - résultats
Vous n’avez pas pris ce quiz